01018nas a2200229 a 4500999001500000001000500015003000500020005001700025008004100042040002000083245003100103260005300134300000700187362011100194650006000305650003600365710004800401856005600449942001300505952011700518952015300635 c5576d55765576CDMR20181022123826.0130130d20002006sp ||||||||||||spa||||||d aCDMRbcatcCDMR00aHoja del lunes de Alicante bAsociación de la Prensa de Alicantec2000-2006 av. aNúm. 1 (febr. 2000) - núm. 6 (gener 2001) ; 3a època, núm. 1 (gener 2004) - núm. 22 (febr. 2006)0494590aPeriodismezAlacant (País Valencià)vRevistes0494580aButlletins d'informació2 93889aAsociación de la Prensa de Alicante uhttp://www.hojadellunes.com/yDisponible en línia cSER2udc 00104070aCDMRbCDMRd2013-01-16hNúm. 1 (febr. 2000) - Núm. 6 (gen. 2001)l0r2013-06-27w2013-06-27ySER 00104070aCDMRbCDMRd2013-01-16hNúm. 1 (gen. 2004) - Núm. 22 (febr. 2006)l0r2013-06-27w2013-06-27ySERzNo hi són: núm. 3, 6, 13 i 14